|
|
|
|
| LEADER |
00000nam0a2200000 4500 |
| 001 |
104730 |
| 005 |
20231031114122.0 |
| 020 |
|
|
|a RU
|b 83-4448
|
| 035 |
|
|
|a (RuTPU)RU\TPU\book\112934
|
| 090 |
|
|
|a 104730
|
| 100 |
|
|
|a 20061106d1982 m y0rusy5003 ca
|
| 101 |
0 |
|
|a rus
|
| 102 |
|
|
|a RU
|
| 105 |
|
|
|a a z 001zy
|
| 200 |
1 |
|
|a Сферическая тригонометрия и сферическая астрономия применительно к решению инженерно-геодезических задач
|e учебное пособие
|f И. С. Пандул
|g Ленинградский горный институт им. Г. В. Плеханова
|
| 210 |
|
|
|a Ленинград
|c ЛГИ
|d 1982
|
| 215 |
|
|
|a 99 с.
|c ил.
|
| 610 |
1 |
|
|a сферическая тригонометрия
|
| 610 |
1 |
|
|a сферическая астрономия
|
| 610 |
1 |
|
|a инженерно-геодезические задачи
|
| 610 |
1 |
|
|a решение
|
| 610 |
1 |
|
|a учебные пособия
|
| 675 |
|
|
|a 528.28(075.8)
|z rus
|
| 700 |
|
1 |
|a Пандул
|b И. С.
|g Игорь Садукович
|4 070
|
| 712 |
0 |
2 |
|a Ленинградский горный институт им. Г. В. Плеханова
|2 stltpush
|3 (RuTPU)RU\TPU\col\1021
|
| 801 |
|
0 |
|a RU
|b RuMRKP
|c 19950704
|g psbo
|
| 801 |
|
1 |
|a RU
|b 63413507
|c 20061106
|g PSBO
|
| 801 |
|
2 |
|a RU
|b 63413507
|c 20070518
|g PSBO
|
| 942 |
|
|
|c BK
|